000 00661nam a2200253 i 4500
001 C2-0240976
003 PPAK
005 20180727203520.0
008 020729s2001 xxka|||| ||||| | eng d
020 _a0582259002
040 _aPPAK
_beng
_cPPAK
_erda
082 0 4 _a428
_223
090 0 0 _a428
_bABB
_dG
100 1 _aAbbs, Brian,
_eauthor
245 1 0 _aSnapshot
264 1 _aEssex :
_bPearson Education ,
_c2001
300 _a128 pages :
_bcolour illustrations ;
_c29 cm
336 _2rdacontent
_atext
337 _2rdamedia
_aunmediated
338 _2rdacarrier
_avolume
650 1 0 _aEnglish language - Usage
700 _eauthor
942 _ddc
_cB
999 _c56123
_d56123